000 00750nam a2200277Ia 4500
008 190123s9999 xx 000 0 und d
020 _a9780531208236
050 _bG739 2008
100 _aGraham, Ian
245 0 _aYou wouldn't want to be on the Hindenburg! :
245 2 _ba transatlantic trip you'd rather skip /
245 0 _cby Ian Graham ; illustrated by David Antram.
260 _aNew York, New York :
260 _bScholastic,
260 _c2008
300 _a32 pages :
300 _bcolored illustrations ;
300 _c24cm.
500 _a900L
650 _aAircraft accidents.
650 _aGermany.
650 _aHindenburg (Airship).
650 _aNew Jersey.
700 _aAntram, David.
700 _aTitle.
999 _c361127
_d361127